000 00685cam a22002533a 4500
001 24558
003 PGUSA
005 20140828083527.0
008 080209s2008||||xxu|||||s|||||000 1 eng d
040 _aPGUSA
_beng
042 _adc
050 4 _aPS
100 1 _aSchmitz, James H.,
_d1911-1981
245 1 0 _aWatch the Sky
_h[electronic resource] /
_cJames H. Schmitz
260 _bProject Gutenberg,
_c2008
506 _aPublic domain in the USA.
516 _aElectronic text
653 _aScience fiction
653 _aShort stories
653 _aForgers -- Fiction
830 0 _aProject Gutenberg
_v24558
856 4 0 _uhttp://www.gutenberg.org/ebooks/24558
942 _cEB
999 _c253813
_d253813